| 000 | 01058nam a2200265 i 4500 | ||
|---|---|---|---|
| 001 | 184257 | ||
| 003 | ES-MaACL | ||
| 005 | 20251120140918.0 | ||
| 008 | 150601s2011 sp bdfo |||| |dspa d | ||
| 080 | _a929 Ortega Gaona, Amancio | ||
| 080 | _a687.1:061.5(460.11 C.)(091) | ||
| 100 | 1 |
_aO'Shea, Covadonga. _986367 |
|
| 245 | 1 | 0 |
_aAsí es Amancio Ortega, el hombre que creó Zara _b: lo que me contó de su vida y de su empresa / _cCovadonga O'Shea. |
| 250 | _aEd. especial de venta conjunta con la revista Actualidad Económica. | ||
| 260 |
_a[Madrid : _bActualidad Económica], _c2011. |
||
| 300 |
_a277 p., [32] p. de lám. col., fot. : _bgráf., mapa ; _c24 cm. |
||
| 500 | _aÍndice onomástico. | ||
| 600 | 1 | 7 |
_aOrtega Gaona, Amancio, _d1936- _2 _9156936 |
| 610 | 2 | 7 |
_aInditex- _vHistoria. _9156937 |
| 610 | 2 | 4 |
_aZara (Firma) _9156938 |
| 852 |
_aES-MaACL _jA-13513 _9191242 _bR.150386 _cDEPO1 _dOlim: N-6513 _hDonación: Roberto Terán |
||
| 903 |
_9234544 _aTerán Martínez, Roberto _ednr |
||
| 942 |
_2udc _cMONOGRAFIA |
||
| 999 |
_c184257 _d184257 |
||